| 000 | 00549cam a22001337a 4500 | ||
|---|---|---|---|
| 008 | 180718b1962 xxu||||| |||| 00| 0 eng d | ||
| 082 | _aB835x42 Un3/59e | ||
| 100 | _aUnited Kingdom. Royal Commission on Local Government in Greater London | ||
| 245 | _aRoyal Commission on Local Government in Greater London: written evidence from local authorities miscellaneous bodies and private individuals | ||
| 260 |
_aLondon _bHer Majesty's Stationery Office _c1962 |
||
| 300 | _a5v. | ||
| 500 | _aChairman: Edwin Herbert | ||
| 700 | _aHerbert, Edwin (Chairman) | ||
| 999 |
_c488928 _d488928 |
||